King Crimson members - Statistics

General Stats
  • This quiz has been taken 21 times
  • The average score is 11 of 23
Answer Stats
Hint Answer % Correct
72-74 81-84 (drums) Bill Bruford
100%
1968-Today (guitar) Robert Fripp
95%
1981-2021 (bass) Tony Levin
95%
1981-1984 (guitar) Adrian Belew
89%
1968-1970 (bass/vocals) Greg Lake
89%
1972-1974 (bass/vocals) John Wetton
79%
1972-1974 (violin) David Cross
63%
1968-1970 (Woodwinds/Keyboards) Ian Macdonald
63%
1970 (bass) Peter Giles
63%
1968-1972 (lyrics) Peter Sinfield
63%
1968-1970 (drums) Michael Giles
58%
1972-1973 (percussion) Jamie Muir
37%
1970 (bass) Gordon Haskell
32%
1970-1972 (Woodwinds) Mel Collins
32%
1970 (drums) Andy McCulloch
26%
1994-2021 (drums) Pat Mastelotto
26%
2007-2021 (drums) Gavin Harrison
21%
1970-1972 (drums) Ian Wallace
21%
1971-1972 (bass/vocals) Raymond Burrell
21%
1993-2001 (guitar) Trey Gunn
21%
2013-2020 (keyboards) Bill Rieflin
16%
2013-2021 (guitar, flute, vocals) Jakko Jakszyk
16%
2016-2021 (drums) Jeremy Stacey
11%
No matching quizzes found
Score Distribution
Percent of People with Each Score
Percentile by Number Answered
Your Score History
You have not taken this quiz